[Event "60th NED-ch"]
[Site "Leeuwarden NED"]
[Date "2004.06.30"]
[Round "1"]
[White "l`Ami, Erwin"]
[Black "Nijboer, Friso"]
[Result "1/2-1/2"]
[WhiteElo "2344"]
[BlackElo "2565"]
[EventDate "2004.06.30"]
[PlyCount "94"]

1.d4 f5 2.c4 d6 3.Nc3 Nf6 4.Bg5 Nbd7 5.f3 e5 6.e3 Be7 7.Qc2 exd4 8.exd4 
Nh5 9.Bxe7 Qxe7+ 10.Nge2 Ndf6 11.O-O-O Bd7 12.d5 g6 13.Nd4 O-O 14.Qd2 Rfe8
15.Bd3 Qe3 16.Qxe3 Rxe3 17.Rhe1 Rxe1 18.Rxe1 Nf4 19.Bf1 g5 20.Ncb5 a6 21.
Nxc7 Rc8 22.Nce6 N6xd5 23.Kd2 Nb6 24.b3 Nxe6 25.Nxe6 h6 26.Bd3 f4 27.Nd4 
Kf7 28.Nf5 Bxf5 29.Bxf5 Rc5 30.Be6+ Kf6 31.Bg4 Re5 32.Rxe5 Kxe5 33.Kd3 a5 
34.a3 Na8 35.Bc8 b6 36.b4 axb4 37.axb4 Nc7 38.Kc3 h5 39.Bd7 d5 40.Bc8 dxc4
41.Kxc4 Ne8 42.Bd7 Nd6+ 43.Kd3 Kd5 44.Kc3 h4 45.Kd3 Nf7 46.Kc3 Nh6 47.Bc8 
Nf7 1/2-1/2

[Event "60th NED-ch"]
[Site "Leeuwarden NED"]
[Date "2004.06.30"]
[Round "1"]
[White "Van Wely, Loek"]
[Black "Tiviakov, Sergei"]
[Result "1-0"]
[WhiteElo "2714"]
[BlackElo "2599"]
[EventDate "2004.06.30"]
[PlyCount "109"]

1.d4 Nf6 2.c4 e6 3.Nc3 Bb4 4.Qc2 d5 5.cxd5 Qxd5 6.Nf3 Qf5 7.Qxf5 exf5 8.a3
Bd6 9.Bg5 Nbd7 10.e3 Nh5 11.Nb5 a6 12.Nxd6+ cxd6 13.Nd2 h6 14.Bh4 g5 15.
Bg3 Ke7 16.h4 Ndf6 17.hxg5 hxg5 18.Nc4 Rd8 19.Nb6 Rb8 20.Rc1 Be6 21.Bh2 
Ng7 22.Rc7+ Kf8 23.f3 Nge8 24.Rc3 Nd5 25.Nxd5 Bxd5 26.Bd3 Be6 27.Bg3 Kg7 
28.e4 fxe4 29.fxe4 f6 30.Kd2 Bf7 31.Rhc1 Bg6 32.Ke3 Rd7 33.d5 Kf7 34.Kd4 
Ke7 35.Rh1 Rc7 36.Rh6 Rxc3 37.bxc3 Bf7 38.Rh7 Rc8 39.a4 Kf8 40.a5 Rc7 41.
c4 Kg8 42.Rh1 Kf8 43.Rb1 Bh5 44.Rb6 Ke7 45.Be1 Bg4 46.Bb4 Bc8 47.Be2 g4 
48.Ba3 Bd7 49.Bd1 Bc8 50.Bb4 Bd7 51.g3 Bc8 52.Ba3 Bd7 53.c5 dxc5+ 54.Bxc5+
Kd8 55.Rb1 1-0

[Event "60th NED-ch"]
[Site "Leeuwarden NED"]
[Date "2004.06.30"]
[Round "1"]
[White "Visser, Yge"]
[Black "Stellwagen, Daniel"]
[Result "0-1"]
[WhiteElo "2453"]
[BlackElo "2384"]
[EventDate "2004.06.30"]
[PlyCount "64"]

1.e4 c5 2.f4 Nc6 3.Nf3 g6 4.Bb5 Bg7 5.O-O Nf6 6.Nc3 O-O 7.Bxc6 bxc6 8.d3 
d6 9.Bd2 c4 10.d4 Qb6 11.e5 Nd5 12.Nxd5 cxd5 13.Bc3 Bf5 14.Rf2 Bh6 15.Nh4 
Be4 16.g4 Rad8 17.exd6 Qxd6 18.g5 Bg7 19.Qg4 f6 20.Raf1 Rf7 21.a3 Qb6 22.
Qd1 Rdf8 23.Qd2 Qe6 24.f5 gxf5 25.g6 hxg6 26.Nxg6 f4 27.Nxf8 Bxf8 28.Rg2+ 
Bxg2 29.Kxg2 Rg7+ 30.Kf2 Qh3 31.Qxf4 Rg2+ 32.Ke1 Qe6+ 0-1

[Event "60th NED-ch"]
[Site "Leeuwarden NED"]
[Date "2004.07.01"]
[Round "2"]
[White "Nijboer, Friso"]
[Black "Van den Doel, Erik"]
[Result "1/2-1/2"]
[WhiteElo "2565"]
[BlackElo "2583"]
[EventDate "2004.06.30"]
[PlyCount "45"]

1.e4 e5 2.Nf3 Nc6 3.Bb5 Nf6 4.O-O Nxe4 5.d4 Nd6 6.Bxc6 dxc6 7.dxe5 Nf5 8.
Qxd8+ Kxd8 9.Nc3 Bd7 10.Rd1 Kc8 11.Ng5 Be8 12.b3 b6 13.Bb2 Be7 14.Nge4 Kb7
15.Rd3 Rd8 16.Rxd8 Bxd8 17.Rd1 Be7 18.Rd3 h5 19.g3 a5 20.f3 b5 21.Kf2 Rh6 
22.h3 Kc8 23.h4 1/2-1/2

[Event "60th NED-ch"]
[Site "Leeuwarden NED"]
[Date "2004.07.01"]
[Round "2"]
[White "Van der Wiel, John"]
[Black "Visser, Yge"]
[Result "1-0"]
[WhiteElo "2495"]
[BlackElo "2453"]
[EventDate "2004.06.30"]
[PlyCount "73"]

1.e4 e6 2.d4 d5 3.Nd2 Nf6 4.e5 Nfd7 5.c3 c5 6.f4 Nc6 7.Ndf3 Qb6 8.a3 cxd4 
9.cxd4 Na5 10.Ne2 Qb3 11.Qd2 b6 12.Nc3 Nc4 13.Qd1 Qxd1+ 14.Kxd1 a6 15.f5 
Be7 16.Bd3 b5 17.fxe6 fxe6 18.Ne2 O-O 19.b3 Na5 20.Kc2 Nb8 21.Ng5 h6 22.
Nf3 Nbc6 23.h4 Bd7 24.Rh3 Bd8 25.Rg3 Kh8 26.Nf4 Ne7 27.Be3 Nac6 28.Nh5 Rf7
29.Ng5 hxg5 30.hxg5 Nf5 31.Bxf5 Nxd4+ 32.Bxd4 Rxf5 33.Nf6 Rc8+ 34.Kd3 Bxf6
35.Rh1+ Kg8 36.gxf6 g5 37.Rgh3 1-0

[Event "60th NED-ch"]
[Site "Leeuwarden NED"]
[Date "2004.07.02"]
[Round "3"]
[White "l`Ami, Erwin"]
[Black "Tiviakov, Sergei"]
[Result "0-1"]
[WhiteElo "2344"]
[BlackElo "2599"]
[EventDate "2004.06.30"]
[PlyCount "70"]

1.e4 c5 2.Nf3 d6 3.d4 cxd4 4.Nxd4 Nf6 5.Nc3 g6 6.Be3 Bg7 7.f3 Nc6 8.Qd2 
O-O 9.O-O-O Bd7 10.Bc4 Rb8 11.Bb3 Na5 12.Bh6 Bxh6 13.Qxh6 b5 14.h4 e5 15.
Nde2 b4 16.Nd5 Nxb3+ 17.cxb3 Nxd5 18.Rxd5 Be6 19.Rd2 Rb6 20.Kb1 Ra6 21.Nc1
Qe7 22.Nd3 Rb8 23.Rc1 Rab6 24.g3 f6 25.Qe3 Kg7 26.h5 gxh5 27.Rh2 Bf7 28.g4
Kh8 29.gxh5 Rg8 30.f4 Rb5 31.f5 d5 32.h6 dxe4 33.Nc5 Rb6 34.Rg1 Rc8 35.
Rhg2 Qxc5 0-1

[Event "60th NED-ch"]
[Site "Leeuwarden NED"]
[Date "2004.07.02"]
[Round "3"]
[White "Sokolov, Ivan"]
[Black "Stellwagen, Daniel"]
[Result "1-0"]
[WhiteElo "2690"]
[BlackElo "2384"]
[EventDate "2004.06.30"]
[PlyCount "111"]

1.d4 Nf6 2.c4 g6 3.Nc3 Bg7 4.e4 d6 5.Bd3 O-O 6.Nge2 Nc6 7.O-O Nh5 8.Bc2 e5
9.d5 Ne7 10.a4 f5 11.exf5 gxf5 12.Bg5 h6 13.Bh4 Qe8 14.f3 Ng6 15.Bf2 Ngf4 
16.Kh1 Kh8 17.Nb5 Nxe2 18.Qxe2 Nf4 19.Qd2 Qf7 20.Nxa7 Bd7 21.Nb5 Rg8 22.
Nxc7 Rac8 23.Ne6 Nxe6 24.dxe6 Qxe6 25.b3 Bc6 26.Rad1 Rcd8 27.Qd3 e4 28.Qe2
d5 29.cxd5 Bxd5 30.fxe4 fxe4 31.Bg3 Bxb3 32.Bxb3 Qxb3 33.Rxd8 Rxd8 34.Qxe4
Rd1 35.Re1 Rxe1+ 36.Bxe1 Qd1 37.Qb4 Qd3 38.h4 Qf1+ 39.Kh2 Be5+ 40.Bg3 
Bxg3+ 41.Kxg3 Qd3+ 42.Kh2 Qd5 43.Qf8+ Kh7 44.Qf3 Qd6+ 45.g3 Qd2+ 46.Qg2 
Qd7 47.Qe4+ Kg7 48.h5 Qf7 49.Qd4+ Kh7 50.g4 Qa2+ 51.Kg3 Qa3+ 52.Kf4 Qc1+ 
53.Ke5 Qc7+ 54.Ke6 Qc6+ 55.Ke7 b6 56.Qd7 1-0

[Event "60th NED-ch"]
[Site "Leeuwarden NED"]
[Date "2004.07.02"]
[Round "3"]
[White "Visser, Yge"]
[Black "Nijboer, Friso"]
[Result "1-0"]
[WhiteElo "2453"]
[BlackElo "2565"]
[EventDate "2004.06.30"]
[PlyCount "81"]

1.e4 c5 2.Nf3 Nc6 3.Bb5 e6 4.O-O Nge7 5.Re1 Ng6 6.c3 a6 7.Bf1 Be7 8.d4 d6 
9.dxc5 dxc5 10.Qxd8+ Nxd8 11.Nbd2 Rb8 12.a4 b6 13.Nc4 f6 14.Be3 Nf7 15.b4 
cxb4 16.cxb4 Bxb4 17.Reb1 a5 18.Bxb6 Ra8 19.Nd4 Bd7 20.Nb5 O-O 21.Nc7 Rac8
22.Nxa5 Bc3 23.Ra3 Be5 24.Nb5 Rb8 25.Be3 Nd6 26.Nc4 Bxb5 27.axb5 Nxb5 28.
Rab3 Nc3 29.Rxb8 Bxb8 30.Rb6 Nxe4 31.Rxe6 Ng5 32.Rc6 Bf4 33.Bxf4 Nxf4 34.
Nd6 Ng6 35.g3 Nf3+ 36.Kg2 Nfe5 37.Rc7 Rd8 38.Nf5 Rd7 39.Bc4+ Nxc4 40.Rxd7 
Nce5 41.Rxg7+ 1-0

[Event "60th NED-ch"]
[Site "Leeuwarden NED"]
[Date "2004.07.03"]
[Round "4"]
[White "l`Ami, Erwin"]
[Black "Van den Doel, Erik"]
[Result "1/2-1/2"]
[WhiteElo "2344"]
[BlackElo "2583"]
[EventDate "2004.06.30"]
[PlyCount "77"]

1.e4 e5 2.Nf3 Nc6 3.Bb5 a6 4.Ba4 Nf6 5.O-O Be7 6.Re1 b5 7.Bb3 O-O 8.h3 Bb7
9.d3 d6 10.a3 Qd7 11.Nbd2 Rae8 12.Nf1 Bd8 13.Ne3 Nd4 14.Nxd4 exd4 15.Ng4 
Nxg4 16.Qxg4 Qxg4 17.hxg4 d5 18.f3 dxe4 19.dxe4 c5 20.Bf4 Ba5 21.Red1 Rd8 
22.Ba2 Bb6 23.Bg3 Rd7 24.c3 c4 25.Bf2 Rfd8 26.Kf1 Rd6 27.cxd4 Bxd4 28.Bxd4
Rxd4 29.Rxd4 Rxd4 30.Ke2 Kf8 31.b3 Rd3 32.Bb1 Rxb3 33.Bc2 Rb2 34.Kd2 b4 
35.axb4 Rxb4 36.Kc3 Rb6 37.Kxc4 Ke7 38.Bd3 Rb2 39.Kd4 1/2-1/2

[Event "60th NED-ch"]
[Site "Leeuwarden NED"]
[Date "2004.07.03"]
[Round "4"]
[White "Nijboer, Friso"]
[Black "Bosboom, Manuel"]
[Result "0-1"]
[WhiteElo "2565"]
[BlackElo "2457"]
[EventDate "2004.06.30"]
[PlyCount "56"]

1.e4 c6 2.d4 d5 3.Nc3 g6 4.Nf3 Nh6 5.h3 Bg7 6.Bf4 f6 7.Bd3 Nf7 8.O-O O-O 
9.Bg3 e6 10.Re1 Nd7 11.Qd2 a5 12.h4 a4 13.Ne2 e5 14.exd5 cxd5 15.Nc3 Ra5 
16.Bf1 Bh6 17.Qd1 e4 18.Nh2 f5 19.Ne2 Nf6 20.Bf4 Nh5 21.Bxh6 Nxh6 22.Qd2 
f4 23.c4 Ng4 24.Nxg4 Bxg4 25.Nc3 Qxh4 26.Ne2 Bxe2 27.Qxa5 Ng3 28.Qxd5+ Rf7
0-1

[Event "60th NED-ch"]
[Site "Leeuwarden NED"]
[Date "2004.07.03"]
[Round "4"]
[White "Tiviakov, Sergei"]
[Black "Stellwagen, Daniel"]
[Result "1-0"]
[WhiteElo "2599"]
[BlackElo "2384"]
[EventDate "2004.06.30"]
[PlyCount "99"]

1.e4 c5 2.Nf3 e6 3.d4 cxd4 4.Nxd4 a6 5.Nc3 Qc7 6.Bd3 Nf6 7.O-O b5 8.Re1 
Bd6 9.Nf3 Nc6 10.h3 Ne5 11.Nxe5 Bxe5 12.a4 b4 13.Nb1 Bb7 14.Nd2 d5 15.exd5
Nxd5 16.Nc4 Bd4 17.Qg4 Bc5 18.Qxg7 O-O-O 19.Qe5 Qe7 20.Na5 Bxf2+ 21.Kxf2 
Qc5+ 22.Kf1 Qxa5 23.Re4 f6 24.Rc4+ Kd7 25.Qd4 Ke7 26.Bd2 e5 27.Re1 Kf7 28.
Qh4 Qb6 29.Qh5+ Ke7 30.Rg4 Kd7 31.c4 Ne7 32.c5 Qe6 33.Rxb4 Kc7 34.Rb6 Qd5 
35.Rxb7+ Qxb7 36.Ba5+ Kb8 37.Be4 Rd5 38.Qf7 Rc8 39.Qxf6 Rcxc5 40.Bc3 Qd7 
41.Bxd5 Nxd5 42.Qxe5+ Kb7 43.Qe4 Rc6 44.Be5 Nb6 45.Kg1 h5 46.b3 Ka7 47.Bd4
Rd6 48.Bf2 a5 49.Qe5 Rd5 50.Qe6 1-0

[Event "60th NED-ch"]
[Site "Leeuwarden NED"]
[Date "2004.07.03"]
[Round "4"]
[White "Van Wely, Loek"]
[Black "Visser, Yge"]
[Result "1-0"]
[WhiteElo "2714"]
[BlackElo "2453"]
[EventDate "2004.06.30"]
[PlyCount "78"]

1.d4 Nf6 2.c4 g6 3.Nc3 Bg7 4.e4 d6 5.Nf3 O-O 6.Be2 e5 7.O-O Nc6 8.d5 Ne7 
9.b4 Nh5 10.Re1 a5 11.bxa5 f5 12.Nd2 Nf6 13.c5 dxc5 14.f3 c6 15.d6 Qxd6 
16.Nc4 Qc7 17.Be3 Rd8 18.Qc2 Rd4 19.Na4 fxe4 20.Bxd4 exd4 21.fxe4 d3 22.
Qxd3 Ng4 23.Bxg4 Bxg4 24.Rab1 Rd8 25.Qg3 Qxg3 26.hxg3 Rd4 27.a6 bxa6 28.
Rb8+ Kf7 29.Rf1+ Nf5 30.Rb7+ Kg8 31.exf5 Rxc4 32.f6 Bf8 33.Re1 Rd4 34.Nxc5
Rd1 35.f7+ Kh8 36.Rxd1 Bxc5+ 37.Kh2 Bxd1 38.Rb6 Kg7 39.Rxc6 Be7 1-0

[Event "60th NED-ch"]
[Site "Leeuwarden NED"]
[Date "2004.07.05"]
[Round "5"]
[White "Stellwagen, Daniel"]
[Black "Van der Wiel, John"]
[Result "1/2-1/2"]
[WhiteElo "2384"]
[BlackElo "2495"]
[EventDate "2004.06.30"]
[PlyCount "60"]

1.e4 c5 2.Nf3 d6 3.d4 cxd4 4.Nxd4 Nf6 5.Nc3 Nc6 6.Bc4 e6 7.Be3 Be7 8.Qe2 
a6 9.O-O-O Qc7 10.Rhg1 Na5 11.Bd3 b5 12.g4 Bb7 13.g5 Nd7 14.Qh5 g6 15.Qh6 
b4 16.Qg7 Rf8 17.Nce2 Nc5 18.Kb1 Rc8 19.Rc1 Bxe4 20.Bxe4 Nxe4 21.Qxh7 Nc4 
22.Ka1 Nxe3 23.fxe3 Nxg5 24.Rxg5 Bxg5 25.Nxe6 fxe6 26.Qxg6+ Qf7 27.Qxg5 
Qf5 28.Qg2 Rxc2 29.Qa8+ Ke7 30.Qa7+ Ke8 1/2-1/2

[Event "60th NED-ch"]
[Site "Leeuwarden NED"]
[Date "2004.07.05"]
[Round "5"]
[White "Visser, Yge"]
[Black "l`Ami, Erwin"]
[Result "0-1"]
[WhiteElo "2453"]
[BlackElo "2344"]
[EventDate "2004.06.30"]
[PlyCount "136"]

1.e4 c6 2.Nc3 d5 3.Nf3 Bg4 4.h3 Bxf3 5.Qxf3 e6 6.g3 Nd7 7.Qe2 dxe4 8.Nxe4 
Ngf6 9.Bg2 Nxe4 10.Qxe4 Nf6 11.Qc4 Be7 12.O-O O-O 13.d4 Nd5 14.a4 a5 15.
Rd1 Qd7 16.Rd3 b5 17.Qb3 b4 18.c4 bxc3 19.bxc3 Rab8 20.Qd1 Rfd8 21.Bd2 Nb6
22.Qf3 Rbc8 23.Bf4 Nd5 24.Bd2 c5 25.dxc5 Rxc5 26.Qg4 Qc6 27.Rb1 Bf6 28.Re1
g6 29.Bg5 Bxg5 30.Qxg5 Rd7 31.Rb1 Kg7 32.Rb8 Qc7 33.Rb5 Rxc3 34.Rd4 Rc5 
35.Rxc5 Qxc5 36.Rh4 f6 37.Qh6+ Kg8 38.Re4 Rd6 39.Qd2 Nc3 40.Rc4 Rxd2 41.
Rxc5 Nxa4 42.Rxa5 Nb6 43.Ra7 Nd7 44.Bf1 Rd6 45.Bb5 Ne5 46.Kg2 g5 47.Be2 f5
48.Ra5 Ng6 49.Ra7 Ne5 50.Ra5 Rd5 51.Ra7 Rd7 52.Ra5 Nc6 53.Ra8+ Rd8 54.Ra6 
Nd4 55.Bc4 Kf7 56.Ba2 Rd7 57.Kf1 Kf6 58.Kg2 h5 59.Ra8 h4 60.gxh4 gxh4 61.
Rf8+ Kg5 62.Re8 Kf6 63.Rf8+ Ke5 64.Rh8 Rg7+ 65.Kf1 Nf3 66.Ke2 Kf4 67.Ra8 
e5 68.Bd5 e4 0-1

[Event "60th NED-ch"]
[Site "Leeuwarden NED"]
[Date "2004.07.06"]
[Round "6"]
[White "l`Ami, Erwin"]
[Black "Bosboom, Manuel"]
[Result "1-0"]
[WhiteElo "2344"]
[BlackElo "2457"]
[EventDate "2004.06.30"]
[PlyCount "65"]

1.e4 c5 2.Nf3 Nc6 3.d4 cxd4 4.Nxd4 Nf6 5.Nc3 d6 6.Bc4 Bd7 7.f3 Rc8 8.Bb3 
g6 9.Be3 Bg7 10.Qd2 h5 11.O-O-O Ne5 12.h3 a5 13.f4 Rxc3 14.Qxc3 Nxe4 15.
Qe1 Nc6 16.Rf1 e6 17.g4 d5 18.f5 Ne5 19.fxe6 fxe6 20.c3 hxg4 21.hxg4 Nxg4 
22.Kb1 Rh3 23.Bc1 Qb6 24.Ka1 Ngf6 25.Bc2 a4 26.a3 g5 27.Nf3 g4 28.Ng5 Rh2 
29.Nxe4 dxe4 30.Bxe4 Bb5 31.Be3 Qa6 32.Bg6+ Kf8 33.Qg3 1-0

[Event "60th NED-ch"]
[Site "Leeuwarden NED"]
[Date "2004.07.06"]
[Round "6"]
[White "Nijboer, Friso"]
[Black "Stellwagen, Daniel"]
[Result "1/2-1/2"]
[WhiteElo "2565"]
[BlackElo "2384"]
[EventDate "2004.06.30"]
[PlyCount "100"]

1.e4 c6 2.d4 d5 3.Nc3 dxe4 4.Nxe4 Bf5 5.Ng3 Bg6 6.h4 h6 7.Nf3 Nd7 8.h5 Bh7
9.Bd3 Bxd3 10.Qxd3 Ngf6 11.Bd2 e6 12.O-O-O Be7 13.Qe2 O-O 14.Kb1 c5 15.
dxc5 Bxc5 16.Ne5 Nxe5 17.Qxe5 Bd4 18.Qb5 Qb6 19.Qxb6 Bxb6 20.f3 Rfd8 21.
Bc1 Rac8 22.Rxd8+ Rxd8 23.c4 Ne8 24.b3 f5 25.Kc2 Kf7 26.Ne2 Nf6 27.Nf4 e5 
28.Nd3 e4 29.Nf4 Bc7 30.fxe4 Bxf4 31.Bxf4 fxe4 32.a4 Ke6 33.a5 a6 34.Bd2 
Rd3 35.Bf4 Rd7 36.Bd2 Rd3 37.Bf4 Rd7 38.Bd2 Kf5 39.Rf1+ Kg4 40.Bxh6 Nxh5 
41.Bd2 g5 42.Rf8 Ng7 43.c5 Ne6 44.Re8 Kf5 45.g4+ Kf6 46.c6 bxc6 47.Ra8 
Nd4+ 48.Kb2 Nb5 49.Bc1 Nc7 50.Rf8+ Kg7 1/2-1/2

[Event "60th NED-ch"]
[Site "Leeuwarden NED"]
[Date "2004.07.06"]
[Round "6"]
[White "Van Wely, Loek"]
[Black "Sokolov, Ivan"]
[Result "1-0"]
[WhiteElo "2714"]
[BlackElo "2690"]
[EventDate "2004.06.30"]
[PlyCount "103"]

1.d4 d5 2.c4 c6 3.Nf3 Nf6 4.Nc3 dxc4 5.a4 Bf5 6.e3 e6 7.Bxc4 Bb4 8.O-O O-O
9.Qe2 Bg4 10.Rd1 Qa5 11.e4 Qh5 12.h3 Bxf3 13.Qxf3 Qxf3 14.gxf3 Nbd7 15.Be3
Rfd8 16.Na2 Be7 17.Nc1 Ne5 18.Be2 Ng6 19.a5 a6 20.Nd3 h6 21.b4 Rab8 22.Kh1
Ne8 23.Rac1 Kh7 24.Nc5 Nc7 25.Bc4 Nh4 26.f4 Bd6 27.Be2 Ng6 28.Nd3 f5 29.f3
Nb5 30.Rg1 Bf8 31.Nc5 Nxd4 32.Bxd4 Nxf4 33.Be5 Nxe2 34.Nxe6 Nxg1 35.Rxg1 
g5 36.Bxb8 Rxb8 37.exf5 Bxb4 38.Rd1 Bxa5 39.Rd7+ Kh8 40.f6 Bb4 41.h4 Re8 
42.Nd8 Re1+ 43.Kg2 Bf8 44.Nf7+ Kg8 45.hxg5 hxg5 46.Nxg5 b5 47.f4 b4 48.f5 
Re2+ 49.Kf3 Re5 50.Kf4 Rd5 51.Rh7 Bd6+ 52.Kg4 1-0

[Event "60th NED-ch"]
[Site "Leeuwarden NED"]
[Date "2004.07.07"]
[Round "7"]
[White "Bosboom, Manuel"]
[Black "Van den Doel, Erik"]
[Result "1-0"]
[WhiteElo "2457"]
[BlackElo "2583"]
[EventDate "2004.06.30"]
[PlyCount "101"]

1.e4 e5 2.Bc4 Nf6 3.d3 Nc6 4.Nf3 Bc5 5.c3 a6 6.O-O O-O 7.d4 Ba7 8.Bg5 h6 
9.Bh4 d6 10.h3 Qe7 11.Re1 Kh8 12.Nbd2 Na5 13.Bd3 c5 14.dxe5 dxe5 15.Bg3 
Rd8 16.Qe2 Bb8 17.Rad1 b5 18.Bc2 Nc6 19.Nh4 g6 20.Qf3 Ra7 21.Nf1 Rxd1 22.
Rxd1 Rd7 23.Rxd7 Bxd7 24.Ne3 Qd6 25.Nd5 Kg7 26.b3 Ne7 27.Nxf6 Qxf6 28.Qe3 
Qd6 29.Nf3 f6 30.Nd2 f5 31.exf5 gxf5 32.Qe2 Nd5 33.Qf3 Qe6 34.Bxf5 Qxf5 
35.Qxd5 Qe6 36.Qb7 Bd6 37.Qxa6 Kf7 38.Qa7 Kg6 39.Ne4 Bc6 40.f3 Qd5 41.Qb6 
Be7 42.Bxe5 b4 43.c4 Qxe5 44.Qxc6+ Kg7 45.Qd7 Qa1+ 46.Kh2 Qe5+ 47.g3 Kf8 
48.Kg2 h5 49.g4 hxg4 50.hxg4 Bf6 51.Qd6+ 1-0

[Event "60th NED-ch"]
[Site "Leeuwarden NED"]
[Date "2004.07.07"]
[Round "7"]
[White "Van der Wiel, John"]
[Black "Nijboer, Friso"]
[Result "1/2-1/2"]
[WhiteElo "2495"]
[BlackElo "2565"]
[EventDate "2004.06.30"]
[PlyCount "64"]

1.e4 c5 2.Nf3 Nc6 3.d4 cxd4 4.Nxd4 Nf6 5.Nc3 d6 6.Bg5 e6 7.Qd2 a6 8.O-O-O 
Bd7 9.f4 h6 10.Bh4 g5 11.fxg5 Ng4 12.Be2 Nge5 13.Nf3 Be7 14.Rhg1 b5 15.
Rdf1 b4 16.Nd1 hxg5 17.Bxg5 Bxg5 18.Nxg5 Qa5 19.Kb1 b3 20.Qxa5 bxc2+ 21.
Kxc2 Nxa5 22.Nf3 Bb5 23.Bxb5+ axb5 24.Rf2 Nac6 25.Kb1 Ke7 26.Rd2 Rag8 27.
Re1 Nxf3 28.gxf3 Rh3 29.f4 Rf3 30.Nc3 Rb8 31.Nd5+ Kf8 32.Nf6 Ke7 1/2-1/2

[Event "60th NED-ch"]
[Site "Leeuwarden NED"]
[Date "2004.07.08"]
[Round "8"]
[White "l`Ami, Erwin"]
[Black "Stellwagen, Daniel"]
[Result "0-1"]
[WhiteElo "2344"]
[BlackElo "2384"]
[EventDate "2004.06.30"]
[PlyCount "130"]

1.e4 c5 2.Nf3 e6 3.d4 cxd4 4.Nxd4 a6 5.c4 Nf6 6.Nc3 Qc7 7.a3 Nc6 8.Be2 b6 
9.Nxc6 dxc6 10.O-O Bd6 11.f4 e5 12.f5 Bc5+ 13.Kh1 Bd4 14.Bf3 Bb7 15.Bg5 h6
16.Bh4 c5 17.Qc2 O-O 18.g4 Nh7 19.Ne2 f6 20.Be1 Ng5 21.Bg2 Bc6 22.h4 Nf7 
23.Ng3 b5 24.cxb5 axb5 25.Rc1 Qb7 26.Bf2 Rac8 27.Bxd4 cxd4 28.Qb3 Kh8 29.
Rc5 Nd6 30.Rfc1 Bd7 31.g5 Rxc5 32.Rxc5 Rc8 33.Rxc8+ Qxc8 34.Qd5 Qc6 35.
gxf6 gxf6 36.Qxc6 Bxc6 37.Kg1 Kg7 38.b3 Nb7 39.Bf3 Nc5 40.b4 Nb3 41.Be2 
Nc1 42.Kf2 Kf8 43.Ke1 Na2 44.Bd3 Nc3 45.Kd2 Na4 46.Kc1 Nb6 47.Nh1 Nc8 48.
Nf2 Nd6 49.Kb1 Be8 50.Kb2 Nc4+ 51.Kb3 Nd2+ 52.Kb2 Ke7 53.a4 bxa4 54.Ka3 h5
55.b5 Kd6 56.Kb4 a3 57.Kxa3 Kc5 58.Be2 Nb1+ 59.Kb2 Nc3 60.Bf3 Kxb5 61.Nh1 
Kc4 62.Kc2 d3+ 63.Kd2 Kd4 64.Ng3 Nb1+ 65.Kc1 Ke3 0-1

[Event "60th NED-ch"]
[Site "Leeuwarden NED"]
[Date "2004.07.08"]
[Round "8"]
[White "Van Wely, Loek"]
[Black "Van der Wiel, John"]
[Result "1-0"]
[WhiteElo "2714"]
[BlackElo "2495"]
[EventDate "2004.06.30"]
[PlyCount "95"]

1.Nf3 c5 2.c4 Nf6 3.Nc3 g6 4.d4 cxd4 5.Nxd4 Nc6 6.Nc2 Bg7 7.e4 d6 8.Be2 
Nd7 9.Bd2 O-O 10.O-O a5 11.Re1 Nc5 12.Bf1 b6 13.Na3 Bb7 14.Rc1 Rc8 15.Bg5 
Nd4 16.Qd2 Re8 17.f3 Nce6 18.Be3 f5 19.Nd5 fxe4 20.fxe4 Rf8 21.Rc3 Rf3 22.
Kh1 Rxe3 23.Qxe3 Nc5 24.Rcc1 e6 25.Nc3 Qh4 26.Rcd1 Rf8 27.g3 Qf6 28.Bg2 
Qf2 29.Qc1 Qf6 30.Qe3 Qf2 31.Qc1 Qf6 32.Rf1 Qe5 33.Rxf8+ Kxf8 34.Qf4+ Qxf4
35.gxf4 Ke7 36.Kg1 Nc6 37.Nab5 Ba6 38.e5 Nb4 39.Rxd6 Bh6 40.Ne2 Nbd3 41.
Rxb6 Nxf4 42.Nxf4 Bxf4 43.Rc6 Bxb5 44.cxb5 Bxe5 45.Kf1 Nd7 46.Bh3 Bxh2 47.
Rxe6+ Kd8 48.Ra6 1-0

[Event "60th NED-ch"]
[Site "Leeuwarden NED"]
[Date "2004.07.08"]
[Round "8"]
[White "Visser, Yge"]
[Black "Bosboom, Manuel"]
[Result "0-1"]
[WhiteElo "2453"]
[BlackElo "2457"]
[EventDate "2004.06.30"]
[PlyCount "122"]

1.e4 c5 2.d3 Nc6 3.g3 d5 4.Nd2 Nf6 5.Bg2 dxe4 6.dxe4 g5 7.e5 Nxe5 8.Qe2 
Nc6 9.Nb3 Be6 10.Bxg5 c4 11.Rd1 Nd7 12.Bxc6 bxc6 13.Nd4 Bd5 14.Ngf3 Qa5+ 
15.Bd2 Qb6 16.b3 Qa6 17.Bc3 Rg8 18.O-O O-O-O 19.a4 Nc5 20.Bb4 cxb3 21.Bxc5
Qxe2 22.Nxe2 Bxf3 23.Rxd8+ Kxd8 24.Nd4 Bd5 25.Nxb3 Rg4 26.f4 a6 27.Na5 Bg7
28.c4 Be4 29.Rd1+ Ke8 30.Re1 f5 31.Nxc6 Bxc6 32.Rxe7+ Kd8 33.Ra7 Bxa4 34.
Rxa6 Bb3 35.Rd6+ Kc7 36.Rd5 Bc2 37.Bd6+ Kc6 38.Be5 Be4 39.Rd6+ Kc5 40.Rd7 
Bxe5 41.fxe5 f4 42.e6 fxg3 43.e7 Bg6 44.hxg3 Re4 45.Kf2 Kxc4 46.Kf3 Kc5 
47.g4 Kc6 48.Ra7 Re6 49.Kf4 Kd6 50.Kg5 Rxe7 51.Ra6+ Ke5 52.Ra5+ Ke4 53.
Ra4+ Kf3 54.Ra3+ Re3 55.Ra4 Kg3 56.Ra5 Rd3 57.Re5 Kf3 58.Ra5 Be4 59.Ra4 
Ke3 60.Kh6 Kf4 61.g5 Rd6+ 0-1

[Event "60th NED-ch"]
[Site "Leeuwarden NED"]
[Date "2004.07.09"]
[Round "9"]
[White "Bosboom, Manuel"]
[Black "Tiviakov, Sergei"]
[Result "1/2-1/2"]
[WhiteElo "2457"]
[BlackElo "2599"]
[EventDate "2004.06.30"]
[PlyCount "84"]

1.d4 Nf6 2.c4 e6 3.Nc3 Bb4 4.Qc2 c5 5.dxc5 Bxc5 6.Nf3 Qb6 7.e3 Qc7 8.Bd2 
b6 9.O-O-O a6 10.Be2 Bb7 11.Rhg1 Nc6 12.g4 O-O-O 13.g5 Ne8 14.Kb1 Kb8 15.
a3 Be7 16.Na4 Na7 17.Nd4 Nd6 18.Bb4 Ndc8 19.Bxe7 Nxe7 20.Qb3 Nac8 21.Rc1 
Nc6 22.Bf3 g6 23.h4 h6 24.Bxc6 Bxc6 25.c5 b5 26.Nc3 hxg5 27.hxg5 Bb7 28.a4
Qxc5 29.axb5 axb5 30.Ndxb5 Rh4 31.Nd4 e5 32.Nf3 Rb4 33.Qa3 Rc4 34.Nd2 Qxa3
35.bxa3 Rh4 36.Nb3 Nb6 37.Na5 Ba8 38.Rgd1 Rc8 39.Rd6 Nc4 40.Nxc4 Rhxc4 41.
Kb2 Bc6 42.Rf6 Rg4 1/2-1/2

[Event "60th NED-ch"]
[Site "Leeuwarden NED"]
[Date "2004.07.09"]
[Round "9"]
[White "Sokolov, Ivan"]
[Black "Visser, Yge"]
[Result "1/2-1/2"]
[WhiteElo "2690"]
[BlackElo "2453"]
[EventDate "2004.06.30"]
[PlyCount "75"]

1.d4 Nf6 2.c4 g6 3.Nc3 Bg7 4.e4 d6 5.Bd3 O-O 6.Nge2 Nbd7 7.Bc2 a6 8.a4 e5 
9.d5 a5 10.h3 Nc5 11.Bg5 Qe8 12.Qd2 Bd7 13.f3 c6 14.dxc6 bxc6 15.Qxd6 Ne6 
16.Be3 Qb8 17.Qxb8 Rfxb8 18.b3 Bf8 19.Rd1 Bc5 20.Kf2 Kf8 21.Bxc5+ Nxc5 22.
Rd6 Ke7 23.Rhd1 Ne8 24.R6d2 Be6 25.Nc1 Rd8 26.Ke3 Nd6 27.f4 f6 28.fxe5 
fxe5 29.Nd3 Nxd3 30.Rxd3 Nb7 31.Rxd8 Rxd8 32.Rb1 Nc5 33.Ne2 Na6 34.Ng1 Nb4
35.Rc1 c5 36.Nf3 Nc6 37.Bd1 Rb8 38.Bc2 1/2-1/2

[Event "60th NED-ch"]
[Site "Leeuwarden NED"]
[Date "2004.07.09"]
[Round "9"]
[White "Stellwagen, Daniel"]
[Black "Van den Doel, Erik"]
[Result "1/2-1/2"]
[WhiteElo "2384"]
[BlackElo "2583"]
[EventDate "2004.06.30"]
[PlyCount "79"]

1.e4 e5 2.Nf3 Nc6 3.Bb5 a6 4.Ba4 Nf6 5.O-O Be7 6.Re1 b5 7.Bb3 O-O 8.c3 d5 
9.d4 dxe4 10.Nxe5 Bb7 11.Nd2 Bd6 12.f4 exf3 13.Ndxf3 Nxe5 14.dxe5 Bc5+ 15.
Be3 Ne4 16.Bd4 Qe7 17.Qc2 Bxd4+ 18.cxd4 c5 19.Rxe4 c4 20.Rh4 h6 21.Rf4 
cxb3 22.Qxb3 Qe6 23.Qxe6 fxe6 24.Rxf8+ Rxf8 25.Rc1 Bxf3 26.gxf3 Rxf3 27.
Rc6 Rd3 28.Rxe6 Rxd4 29.Rxa6 Kf7 30.b3 Rd2 31.Ra7+ Ke6 32.Rxg7 Rxa2 33.Rb7
Kxe5 34.Rxb5+ Kf4 35.Rc5 Rb2 36.Rc3 Kg4 37.h3+ Kh4 38.Kf1 h5 39.Kg1 Ra2 
40.Kf1 1/2-1/2

[Event "60th NED-ch"]
[Site "Leeuwarden NED"]
[Date "2004.07.09"]
[Round "9"]
[White "Van der Wiel, John"]
[Black "l`Ami, Erwin"]
[Result "0-1"]
[WhiteElo "2495"]
[BlackElo "2344"]
[EventDate "2004.06.30"]
[PlyCount "102"]

1.e4 c5 2.Nf3 Nc6 3.d4 cxd4 4.Nxd4 Nf6 5.Nc3 e5 6.Ndb5 d6 7.Bg5 a6 8.Na3 
b5 9.Nd5 Be7 10.Bxf6 Bxf6 11.c3 O-O 12.Nc2 Bg5 13.a4 bxa4 14.Rxa4 a5 15.
Bb5 Ne7 16.Nxe7+ Qxe7 17.Nb4 Bg4 18.Qa1 Qc7 19.O-O Be6 20.Bc6 Rab8 21.Na6 
Qxc6 22.Nxb8 Rxb8 23.Rxa5 Qxe4 24.Re1 Qb7 25.Ra7 Qc8 26.Qa3 Qd8 27.Rd1 d5 
28.Ra1 g6 29.Ra8 Rxa8 30.Qxa8 Qxa8 31.Rxa8+ Kg7 32.Ra4 Kf6 33.Kf1 Bc1 34.
Rb4 Ke7 35.Ke2 Kd6 36.Kd1 Bg5 37.Rb5 Bf6 38.Kd2 d4 39.cxd4 exd4 40.f4 h5 
41.Ra5 Bd8 42.Ra8 Bb6 43.g3 Bf5 44.b4 Kc6 45.Rf8 Bc7 46.Rxf7 Bd6 47.Rf6 
Kd5 48.b5 Bb4+ 49.Kc1 d3 50.h3 d2+ 51.Kd1 Be4 0-1